Paesi A-Z con lettere A-Z - Statistics

Statistiche generali
  • Questo quiz è stato fatto 907 volte
  • Il punteggio medio è 258 su 321
Statistiche sulle risposte
Inizia con Contiene # possibilità Esempio Risposta % Corretto
A A 12 Afghanistan
99%
A I 10 Afghanistan
98%
A N 8 Afghanistan
98%
A R 9 Algeria
98%
B B 18 Bahamas
98%
B A 13 Bahamas
97%
B I 13 Bahrain
97%
A B 4 Albania
96%
B L 7 Bangladesh
96%
C A 14 Cambogia
96%
C C 17 Cambogia
96%
I A 10 India
96%
I I 10 India
96%
I L 6 Irlanda
96%
A G 6 Afghanistan
95%
A T 6 Afghanistan
95%
B E 8 Bangladesh
95%
B R 10 Bahrain
95%
C I 10 Cambogia
95%
C O 11 Cambogia
95%
F A 2 Finlandia
95%
F F 4 Figi
95%
F I 4 Figi
95%
F N 3 Filippine
95%
S A 25 Saint Kitts e Nevis
95%
S S 26 Saint Kitts e Nevis
95%
A L 4 Albania
94%
B S 8 Bahamas
94%
E E 7 Ecuador
94%
E O 5 Ecuador
94%
G A 15 Gabon
94%
G G 16 Gabon
94%
L L 9 Laos
94%
R R 9 Regno Unito
94%
S I 20 Saint Kitts e Nevis
94%
A E 5 Algeria
93%
B O 7 Barbados
93%
C N 5 Camerun
93%
D A 2 Danimarca
93%
D C 2 Danimarca
93%
D D 2 Danimarca
93%
D I 2 Danimarca
93%
D M 2 Danimarca
93%
D N 2 Danimarca
93%
E A 6 Ecuador
93%
E I 5 Egitto
93%
E T 5 Egitto
93%
G E 9 Georgia
93%
G N 10 Gabon
93%
K K 6 Kazakistan
93%
L A 6 Laos
93%
M M 16 Macedonia del Nord
93%
P A 8 Paesi Bassi
93%
P P 9 Paesi Bassi
93%
R A 8 Repubblica Ceca
93%
R I 8 Regno Unito
93%
R N 7 Regno Unito
93%
R U 8 Regno Unito
93%
S N 17 Saint Kitts e Nevis
93%
C D 7 Canada
92%
G I 11 Gambia
92%
I N 6 India
92%
K A 5 Kazakistan
92%
L I 6 Lettonia
92%
M A 14 Macedonia del Nord
92%
M I 11 Macedonia del Nord
92%
N A 7 Namibia
92%
N N 8 Namibia
92%
S E 13 Saint Kitts e Nevis
92%
S R 12 Saint Vincent e Grenadine
92%
A S 4 Afghanistan
91%
G R 6 Georgia
91%
L O 5 Laos
91%
M O 8 Macedonia del Nord
91%
T T 12 Tagikistan
91%
A D 3 Andorra
90%
A U 4 Antigua e Barbuda
90%
B G 4 Bangladesh
90%
C E 6 Camerun
90%
C L 5 Cile
90%
C M 4 Cambogia
90%
C R 9 Camerun
90%
G M 4 Gambia
90%
H A 2 Haiti
90%
H H 2 Haiti
90%
I D 4 India
90%
I S 5 Indonesia
90%
K N 3 Kazakistan
90%
L N 4 Lettonia
90%
M C 6 Macedonia del Nord
90%
M L 8 Macedonia del Nord
90%
N E 5 Nepal
90%
R O 5 Regno Unito
90%
T A 10 Tagikistan
90%
U A 5 Ucraina
90%
U U 5 Ucraina
90%
B N 10 Bahrain
89%
B U 6 Bhutan
89%
C B 3 Cambogia
89%
K I 4 Kazakistan
89%
K T 4 Kazakistan
89%
L E 5 Lesotho
89%
L T 4 Lesotho
89%
P I 4 Paesi Bassi
89%
T I 9 Tagikistan
89%
T N 8 Tagikistan
89%
U N 4 Ucraina
89%
D R 1 Danimarca
88%
E R 4 Ecuador
88%
F C 1 Francia
88%
F L 2 Filippine
88%
F R 1 Francia
88%
I R 5 Iran
88%
N I 5 Namibia
88%
P N 4 point
88%
Q A 1 Qatar
88%
Q Q 1 Qatar
88%
Q R 1 Qatar
88%
Q T 1 Qatar
88%
R E 6 Regno Unito
88%
E N 2 Emirati Arabi Uniti
87%
G O 5 Gabon
87%
I T 1 Italia
87%
K S 3 Kazakistan
87%
M E 5 Macedonia del Nord
87%
N R 5 Nauru
87%
P G 3 Papua Nuova Guinea
87%
P R 3 power
87%
P T 2 Pakistan
87%
S L 9 Santa Lucia
87%
S O 9 Samoa
87%
S U 6 Santa Lucia
87%
S V 6 Saint Kitts e Nevis
87%
V A 3 Vanuatu
87%
V N 3 Vanuatu
87%
V V 3 Vanuatu
87%
Z A 2 Zambia
87%
Z B 2 Zambia
87%
Z I 2 Zambia
87%
Z M 2 Zambia
87%
Z Z 2 Zambia
87%
E S 2 El Salvador
86%
M R 6 Macedonia del Nord
86%
O A 1 Oman
86%
O M 1 Oman
86%
O N 1 Oman
86%
O O 1 Oman
86%
P L 3 Palau
86%
P O 3 Papua Nuova Guinea
86%
T U 4 Tunisia
86%
U G 3 Uganda
86%
U I 3 Ucraina
86%
B D 4 Bangladesh
85%
K Z 2 Kazakistan
85%
M S 4 Madagascar
85%
N G 4 Nicaragua
85%
U R 3 Ucraina
85%
V E 2 Venezuela
85%
A O 2 Andorra
84%
I E 4 Indonesia
84%
L B 4 Libano
84%
L S 4 Laos
84%
M N 5 Macedonia del Nord
84%
N O 2 Norvegia
84%
N V 2 Norvegia
84%
R M 3 Repubblica Democratica del Congo
84%
R T 3 Regno Unito
84%
S Z 3 Svezia
84%
T R 4 Timor Est
84%
U E 2 Uzbekistan
84%
V U 2 Vanuatu
84%
L U 2 Lussemburgo
83%
M D 4 Macedonia del Nord
83%
P U 4 Palau
83%
R D 4 Repubblica del Congo
83%
S G 4 Saint Vincent e Grenadine
83%
T S 4 Tagikistan
83%
B H 4 Bahamas
82%
C U 3 Camerun
82%
G U 6 Gibuti
82%
N L 2 Nepal
82%
N U 2 Nauru
82%
S D 6 Saint Vincent e Grenadine
82%
Y E 1 Yemen
82%
Y M 1 Yemen
82%
Y N 1 Yemen
82%
Y Y 1 Yemen
82%
E U 2 Ecuador
81%
H I 1 Haiti
81%
H T 1 Haiti
81%
P S 2 Paesi Bassi
81%
R B 5 Repubblica Ceca
81%
R C 5 Repubblica Ceca
81%
R G 3 Regno Unito
81%
R L 5 Repubblica Ceca
81%
R P 5 Repubblica Ceca
81%
S M 6 Samoa
81%
S T 6 Saint Kitts e Nevis
81%
C S 4 Comoros
80%
F D 1 Finlandia
80%
P E 3 Paesi Bassi
80%
M G 3 Madagascar
79%
M T 4 Malta
79%
S C 7 Saint Vincent e Grenadine
79%
Z E 1 Zimbabwe
79%
Z W 1 Zimbabwe
79%
A Z 1 Azerbaigian
78%
S P 3 Sao Tome e Principe
78%
C V 3 Capo Verde
77%
E D 2 Ecuador
77%
G T 3 Gibuti
77%
H D 1 Honduras
77%
H N 1 Honduras
77%
H O 1 Honduras
77%
H R 1 Honduras
77%
H S 1 Honduras
77%
H U 1 Honduras
77%
I O 3 Indonesia
77%
K R 2 Kirghizistan
77%
U B 1 Uzbekistan
77%
U K 1 Uzbekistan
77%
U S 1 Uzbekistan
77%
U T 1 Uzbekistan
77%
U Z 1 Uzbekistan
77%
V L 1 Venezuela
77%
V Z 1 Venezuela
77%
G B 4 Gabon
76%
T E 3 Timor Est
76%
T G 4 Tagikistan
76%
A F 1 Afghanistan
75%
A H 1 Afghanistan
75%
C T 3 Città del Vaticano
75%
T H 2 Thailandia
75%
V T 2 Vanuatu
75%
B M 2 Bahamas
74%
T K 2 Tagikistan
74%
T L 2 Thailandia
73%
A M 1 Armenia
72%
B T 2 Bhutan
72%
B Z 2 Belize
72%
G C 2 Giamaica
72%
P K 1 Pakistan
72%
R S 1 Russia
72%
E C 1 Ecuador
71%
G L 2 Guatemala
71%
T D 2 Thailandia
71%
T O 4 Timor Est
71%
B V 2 Bolivia
70%
T M 2 Timor Est
70%
L H 2 Lesotho
69%
L R 2 Liberia
69%
S H 2 Seychelles
69%
K G 1 Kirghizistan
68%
K H 1 Kirghizistan
68%
C P 2 Capo Verde
67%
K E 1 Kenya
67%
K Y 1 Kenya
67%
G P 2 Giappone
66%
N B 1 Namibia
66%
N M 1 Namibia
66%
N P 1 Nepal
66%
U Y 1 Uruguay
66%
C G 1 Cambogia
65%
T C 1 Turchia
65%
U D 1 Uganda
65%
M V 2 Maldive
64%
N D 1 Nuova Zelanda
64%
N Z 1 Nuova Zelanda
64%
E P 1 Etiopia
63%
F E 1 Filippine
63%
F P 1 Filippine
63%
K U 1 Kuwait
63%
K W 1 Kuwait
63%
P Y 1 Paraguay
63%
S K 2 Saint Kitts e Nevis
63%
U C 1 Ucraina
63%
F G 1 Figi
62%
K B 1 Kiribati
62%
M B 1 Mozambico
62%
M Z 1 Mozambico
62%
G D 2 Giordania
61%
N C 1 Nicaragua
61%
B W 1 Botswana
60%
D O 1 Dominica
60%
E G 1 Egitto
60%
G H 1 Ghana
60%
I Q 1 Iraq
60%
V I 1 Vietnam
60%
V M 1 Vietnam
60%
L G 1 Lussemburgo
59%
L M 1 Lussemburgo
59%
E B 1 Emirati Arabi Uniti
58%
E M 1 Emirati Arabi Uniti
58%
M U 2 Mauritania
58%
S B 1 Serbia
58%
S W 1 Swaziland
58%
C Z 1 Croazia
57%
K O 1 Kosovo
57%
K V 1 Kosovo
57%
L C 1 Liechtenstein
57%
U H 1 Ungheria
57%
B F 1 Burkina Faso
56%
B K 1 Burkina Faso
56%
I M 2 Isole Marshall
56%
T V 1 Tuvalu
56%
T Z 1 Tanzania
56%
E L 1 El Salvador
54%
E V 1 El Salvador
54%
P M 1 Panama
53%
G Y 1 Guyana
52%
I H 1 Isole Marshall
52%
T B 1 Trinidad e Tobago
51%
G Q 1 Guinea Equatoriale
50%
S F 2 Stati Federati di Micronesia
50%
S Y 1 Seychelles
50%
T W 1 Taiwan
50%
M W 1 Malawi
48%
P B 1 Paesi Bassi
47%
G S 1 Guinea-Bissau
46%
P V 1 Papua Nuova Guinea
46%
R F 1 Repubblica Centrafricana
44%
Nessun quiz corrispondente trovato
Distribuzione punteggi
Percentuale di utenti per punteggio
Percentile per numero di risposta
I tuoi punteggi nel tempo
Non hai fatto questo quiz